| 000 | 00488nam a2200181 4500 | ||
|---|---|---|---|
| 003 | LK-CoDNM | ||
| 005 | 20231229160834.0 | ||
| 008 | 231229b |||||||| |||| 00| 0 eng d | ||
| 020 | _a9786245713325 | ||
| 040 |
_aLK-CoDNM _dLK-CoDNM _eLK-CoDNM |
||
| 041 | _asin | ||
| 080 |
_aX8C31 _bකපිල |
||
| 100 | _aකපිලවංශ,අනුරුද්ධ | ||
| 245 | _aභව මෙහෙවර | ||
| 260 |
_aColombo _bSamayawardhana _c2022 |
||
| 300 | _a208p.,21cm | ||
| 942 | _cBK | ||
| 999 |
_c144279 _d144279 |
||